[Event "Tradewise Gibraltar Chess Festival 2014 "]
[Site "The Caleta Hotel - Gibraltar"]
[Date "2014.02.05"]
[Round "9.19"]
[White "Agdestein, Simen"]
[Black "Spraggett, Kevin"]
[Result "1-0"]
[WhiteElo "2627"]
[BlackElo "2544"]
[PlyCount "125"]
[EventDate "2014.01.28"]

1. d4 Nf6 2. c4 e6 3. Nf3 b6 4. g3 Bb7 5. Bg2 Bb4+ 6. Bd2 a5 7. O-O O-O 8. Bf4
Be7 9. Qc2 c5 10. dxc5 Bxc5 11. Nc3 Nc6 12. Rad1 Rc8 13. e4 Nb4 14. Qb1 Nh5 15.
Bc1 Be7 16. b3 g6 17. Bh6 Re8 18. Rd2 Na6 19. Nd4 Nc5 20. Ndb5 Bc6 21. Na7 Rc7
22. Ncb5 Bxb5 23. Nxb5 Rc8 24. Rfd1 Bf8 25. Be3 e5 26. Nd6 Bxd6 27. Rxd6 Nf6
28. a3 Re6 29. b4 axb4 30. axb4 Rxd6 31. Rxd6 Ne6 32. Qd3 Qc7 33. Bf1 Rb8 34.
f4 exf4 35. gxf4 Rb7 36. e5 Ne8 37. Rd5 N8g7 38. Bh3 Ra7 39. Rd6 Qb7 40. Bg2
Ra1+ 41. Kf2 Ra2+ 42. Bd2 Qa6 43. Rxd7 Nf5 44. Bd5 Nxf4 45. Bxf7+ Kh8 46. Rd8+
Kg7 47. Qd7 Nh3+ 48. Kg2 Nf4+ 49. Kf3 Rxd2 50. Qxd2 g5 51. Rg8+ Kxf7 52. Rxg5
Nh4+ 53. Kxf4 Qxc4+ 54. Kg3 Ng6 55. Qd7+ Kg8 56. Qd8+ Kf7 57. Qd7+ Kf8 58. Qd6+
Ke8 59. Rxg6 hxg6 60. Qxg6+ Ke7 61. Qd6+ Ke8 62. h4 Qg8+ 63. Kf4 1-0

[Event "Tradewise Gibraltar Chess Festival 2014 "]
[Site "The Caleta Hotel - Gibraltar"]
[Date "2014.02.05"]
[Round "9.20"]
[White "Mareco, Sandro"]
[Black "Pardo Simon, David"]
[Result "1-0"]
[WhiteElo "2582"]
[BlackElo "2450"]
[PlyCount "87"]
[EventDate "2014.01.28"]

1. d4 d6 2. Nf3 g6 3. c4 Bg7 4. g3 Nf6 5. Bg2 O-O 6. O-O Nc6 7. Nc3 a6 8. Bf4
Rb8 9. Rc1 Bg4 10. b3 Nh5 11. Be3 e5 12. dxe5 Nxe5 13. Nxe5 Bxe5 14. Qd2 Re8
15. Rfd1 Ng7 16. h3 Bf5 17. Ba7 Ra8 18. Be3 Qd7 19. Bxb7 Rab8 20. Bf3 Bxh3 21.
Bd4 Bg4 22. Nd5 Nh5 23. c5 Bxf3 24. exf3 c6 25. Ne3 d5 26. Ng4 f6 27. Bxe5 fxe5
28. Re1 e4 29. Qg5 Qe7 30. Qxe7 Rxe7 31. fxe4 dxe4 32. Rc4 Rb5 33. Rd1 e3 34.
Nxe3 Nxg3 35. Rd6 Ne4 36. Rxc6 Nd2 37. Rf4 Ra5 38. Rd6 Rxa2 39. c6 Nxb3 40. Nd5
Re1+ 41. Kg2 Rc2 42. Rd7 Rxc6 43. Rb4 Rc8 44. Nf6+ 1-0

[Event "Tradewise Gibraltar Chess Festival 2014 "]
[Site "The Caleta Hotel - Gibraltar"]
[Date "2014.02.05"]
[Round "9.22"]
[White "Zhukova, Natalia"]
[Black "Van Kampen, Robin"]
[Result "1-0"]
[WhiteElo "2449"]
[BlackElo "2602"]
[PlyCount "55"]
[EventDate "2014.01.28"]

1. d4 d6 2. Nf3 Nf6 3. c4 g6 4. Nc3 Bg7 5. h3 O-O 6. Bf4 c5 7. d5 Na6 8. e4 e5
9. dxe6 Bxe6 10. Be2 Qb6 11. Rb1 Rad8 12. O-O Nb4 13. Qb3 Qa6 14. Rfd1 Rfe8 15.
Bf1 b5 16. Nd2 bxc4 17. Nxc4 Qc6 18. a3 Na6 19. Qc2 Bxc4 20. Bxc4 Nc7 21. Bg5
Rb8 22. Qd3 Nxe4 23. Qf3 Bxc3 24. Qxf7+ Kh8 25. bxc3 d5 26. Rxb8 Rxb8 27. Bf4
Re8 28. Be5+ 1-0

[Event "Tradewise Gibraltar Chess Festival 2014 "]
[Site "The Caleta Hotel - Gibraltar"]
[Date "2014.02.05"]
[Round "9.23"]
[White "Vocaturo, Daniele"]
[Black "Guo, Qi"]
[Result "1/2-1/2"]
[WhiteElo "2582"]
[BlackElo "2450"]
[PlyCount "140"]
[EventDate "2014.01.28"]

1. c4 e6 2. Nf3 d5 3. g3 dxc4 4. Qa4+ Nd7 5. Qxc4 a6 6. Bg2 b5 7. Qc2 Bb7 8.
O-O c5 9. d3 Ngf6 10. b3 Be7 11. Bb2 O-O 12. Nbd2 Qb6 13. Rac1 Rac8 14. Qb1
Rfd8 15. h3 Ne8 16. Rc2 Bf6 17. Rfc1 Bxb2 18. Qxb2 Nef6 19. a3 Rc7 20. e4 Nf8
21. b4 Rdc8 22. Nb3 c4 23. dxc4 bxc4 24. Na5 Nxe4 25. Nxc4 Qa7 26. Qd4 Qb8 27.
Ne1 Rd8 28. Qe3 f5 29. Na5 Rxc2 30. Rxc2 Rd1 31. Nxb7 Qxb7 32. Re2 Qc7 33. Bxe4
fxe4 34. Qxe4 Ra1 35. Re3 Qc1 36. Qd3 Qc6 37. Kh2 Ra2 38. Kg1 Ra1 39. Kh2 Ra2
40. Re2 Ra1 41. Qe3 h6 42. f3 Rc1 43. Qd2 Qc3 44. Qxc3 Rxc3 45. a4 Ra3 46. a5
Rb3 47. Nc2 Rb2 48. Kg2 Kf7 49. Kf2 Nd7 50. Ke1 Nf6 51. Kd2 Nd5 52. Re4 Rb3 53.
Rc4 Rxf3 54. Rc6 e5 55. Rd6 Rf2+ 56. Kc1 Nc3 57. Rxa6 e4 58. Rc6 Rf1+ 59. Kb2
Nd1+ 60. Ka2 Ke7 61. a6 Rf8 62. b5 e3 63. b6 e2 64. b7 Ne3 65. Ne1 Nd5 66. Rc8
Nb4+ 67. Kb3 Nxa6 68. Kc2 Rd8 69. Rc4 Rb8 70. Rg4 Kf7 1/2-1/2

[Event "Tradewise Gibraltar Chess Festival 2014 "]
[Site "The Caleta Hotel - Gibraltar"]
[Date "2014.02.05"]
[Round "9.24"]
[White "Dvirnyy, Danyyil"]
[Black "Akesson, Ralf"]
[Result "1-0"]
[WhiteElo "2574"]
[BlackElo "2447"]
[PlyCount "73"]
[EventDate "2014.01.28"]

1. c4 Nf6 2. g3 e6 3. Bg2 d5 4. Nf3 dxc4 5. Qa4+ Nbd7 6. Qxc4 c5 7. d3 Bd6 8.
a4 O-O 9. Nbd2 Nb6 10. Qb3 e5 11. a5 Be6 12. Qd1 Nbd7 13. O-O h6 14. Nc4 Bc7
15. Qa4 Rb8 16. Qb5 Qe7 17. a6 b6 18. b4 e4 19. dxe4 Nxe4 20. Bb2 Ndf6 21. Nce5
Bd5 22. Nc6 Qe8 23. Nxa7 Qe6 24. Bxf6 Nxf6 25. Qa4 Qxe2 26. Rfe1 Qd3 27. Nb5
Bc6 28. Nfd4 Bxg2 29. Kxg2 Nd5 30. Qc2 Qxc2 31. Nxc2 Rfc8 32. a7 Ra8 33. Rad1
Nf6 34. Re7 Bd8 35. Rb7 cxb4 36. Nxb4 Ne4 37. Rb8 1-0

[Event "Tradewise Gibraltar Chess Festival 2014 "]
[Site "The Caleta Hotel - Gibraltar"]
[Date "2014.02.05"]
[Round "9.25"]
[White "Tari, Aryan"]
[Black "Fier, Alexandr"]
[Result "0-1"]
[WhiteElo "2408"]
[BlackElo "2572"]
[PlyCount "68"]
[EventDate "2014.01.28"]

1. e4 c5 2. Nf3 d6 3. d4 cxd4 4. Qxd4 a6 5. h3 Nc6 6. Qe3 e6 7. c4 Nf6 8. Be2
Be7 9. O-O O-O 10. Nc3 b6 11. Rd1 Qc7 12. b3 Nd7 13. Bb2 Nce5 14. Nd4 Bb7 15.
Rac1 Rfe8 16. Qg3 Ng6 17. Qe3 h6 18. g3 Rad8 19. h4 Qb8 20. Bh5 Nge5 21. Be2
Nf6 22. Nf3 Ned7 23. Ba3 Nxe4 24. Nxe4 Bxe4 25. Bxd6 Bxd6 26. Qxe4 Nf6 27. Qc6
Bc5 28. Kg2 Rc8 29. Qa4 Ne4 30. Nd2 Nxf2 31. Rf1 Red8 32. Rc2 Nd3 33. a3 Bf2
34. Ne4 Nc5 0-1

[Event "Tradewise Gibraltar Chess Festival 2014 "]
[Site "The Caleta Hotel - Gibraltar"]
[Date "2014.02.05"]
[Round "9.28"]
[White "Nakar, Eylon"]
[Black "Libiszewski, Fabien"]
[Result "1/2-1/2"]
[WhiteElo "2398"]
[BlackElo "2533"]
[PlyCount "119"]
[EventDate "2014.01.28"]

1. d4 d5 2. c4 Nc6 3. Nf3 Bg4 4. cxd5 Bxf3 5. dxc6 Bxc6 6. Nc3 e6 7. e4 Bb4 8.
f3 Qh4+ 9. g3 Qe7 10. Be3 O-O-O 11. Qc2 f5 12. Bg2 fxe4 13. fxe4 Nf6 14. O-O-O
Ng4 15. Bg1 Rhf8 16. Kb1 Qg5 17. Re1 Qg6 18. Re2 Nf6 19. a3 Ba5 20. Ka2 Bb6 21.
Rd2 Kb8 22. Be3 Ng4 23. Bf4 Qf7 24. d5 exd5 25. exd5 Ne3 26. Bxe3 Bxe3 27. Rf1
Qg8 28. Rxf8 Rxf8 29. Re2 Bd4 30. Qb3 Bd7 31. Re7 Rf2 32. Rxd7 Rxg2 33. Rxc7 b6
34. Rc4 Rd2 35. Na4 Bf6 36. Rc5 Qe8 37. Rb5 Qe2 38. Qb4 Kc7 39. Qf4+ Kd7 40.
Qb4 Ke8 41. Nc3 Qd3 42. Qa4 Kf8 43. Ne4 Rd1 44. Nc3 Bxc3 45. bxc3 Rd2+ 46. Rb2
Qxd5+ 47. Qb3 Qxb3+ 48. Kxb3 Rxb2+ 49. Kxb2 Ke7 50. Kb3 Kd6 51. Kc4 Kc6 52. g4
g5 53. Kb4 a6 54. c4 Kd6 55. Kc3 Kc5 56. Kd3 Kc6 57. Kd4 Kd6 58. Kc3 Kc7 59.
Kd3 Kc6 60. Kd4 1/2-1/2

[Event "Tradewise Gibraltar Chess Festival 2014 "]
[Site "The Caleta Hotel - Gibraltar"]
[Date "2014.02.05"]
[Round "9.29"]
[White "Khotenashvili, Bela"]
[Black "Trent, Lawrence"]
[Result "1/2-1/2"]
[WhiteElo "2527"]
[BlackElo "2424"]
[PlyCount "66"]
[EventDate "2014.01.28"]

1. d4 Nf6 2. c4 g6 3. Nc3 Bg7 4. e4 d6 5. Nf3 O-O 6. h3 e5 7. d5 Nh5 8. g3 Qe8
9. Be2 f5 10. exf5 gxf5 11. Nh4 Nf6 12. Qc2 Na6 13. Bg5 Nc5 14. O-O-O Bd7 15.
Be3 b6 16. g4 Nfe4 17. Nb5 f4 18. Bxc5 Nxc5 19. b4 e4 20. bxc5 bxc5 21. Nf5
Bxf5 22. gxf5 f3 23. Bxf3 exf3 24. Rhg1 Qe5 25. Rde1 Qf4+ 26. Kd1 Rf7 27. Qe4
Qxe4 28. Rxe4 a6 29. Nxc7 Rxc7 30. f6 Rb8 31. Kc2 Rcb7 32. Kd3 h5 33. Re6 Rd7 {
Unable to read remaining moves} 1/2-1/2

[Event "Tradewise Gibraltar Chess Festival 2014 "]
[Site "The Caleta Hotel - Gibraltar"]
[Date "2014.02.05"]
[Round "9.30"]
[White "Lejlic, Samir"]
[Black "Cramling, Pia"]
[Result "0-1"]
[WhiteElo "2345"]
[BlackElo "2525"]
[PlyCount "45"]
[EventDate "2014.01.28"]

1. e4 c5 2. Nf3 e6 3. d4 cxd4 4. Nxd4 a6 5. Be2 Nf6 6. Nc3 Qc7 7. O-O Nc6 8.
Be3 d6 9. a4 Be7 10. f4 O-O 11. Nb3 b6 12. g4 Nd7 13. g5 Re8 14. h4 Nb4 15. Rf2
Bb7 16. Bf3 Nc6 17. h5 Na5 18. Qf1 Nc4 19. Bc1 Bf8 20. Qh3 Nc5 21. Nd4 e5 22.
Nf5 exf4 23. g6 {Unable to read remaining moves} 0-1

[Event "Tradewise Gibraltar Chess Festival 2014 "]
[Site "The Caleta Hotel - Gibraltar"]
[Date "2014.02.05"]
[Round "9.31"]
[White "El Debs, Felipe De Cresce"]
[Black "Houska, Jovanka"]
[Result "1-0"]
[WhiteElo "2520"]
[BlackElo "2415"]
[PlyCount "121"]
[EventDate "2014.01.28"]

1. Nf3 d5 2. c4 c6 3. d4 Nf6 4. cxd5 cxd5 5. Nc3 Nc6 6. e3 e6 7. Bd3 Be7 8. O-O
O-O 9. Ne5 Nxe5 10. dxe5 Nd7 11. f4 g6 12. Rb1 Nc5 13. Bc2 a5 14. Qd4 b6 15.
Rd1 Ba6 16. b3 f6 17. exf6 Bxf6 18. Qd2 Qc7 19. Bb2 Rac8 20. Ne2 Bxb2 21. Rxb2
Qg7 22. Bb1 Ne4 23. Bxe4 dxe4 24. Nd4 Qf6 25. Rbb1 e5 26. fxe5 Qxe5 27. Rbc1
Bd3 28. Rxc8 Rxc8 29. Rc1 Qe8 30. h3 Qd7 31. Rxc8+ Qxc8 32. Qf2 Qc1+ 33. Kh2
Qc7+ 34. g3 Qf7 35. Qf4 Kg7 36. h4 Qe7 37. Kg2 b5 38. h5 h6 39. hxg6 Qf6 40.
Nf5+ Kxg6 41. g4 Kh7 42. Qc7+ Kh8 43. Kg3 Kg8 44. Qf4 Kh7 45. a3 a4 46. b4 Qg5
47. Qc7+ Kg8 48. Qc8+ Kh7 49. Qe6 Bc4 50. Qxe4 Bf7 51. Qe7 Kg6 52. Qxg5+ Kxg5
53. Nd6 Be6 54. Ne4+ Kg6 55. Kf4 Bc4 56. Nd6 Be2 57. e4 Kf6 58. Nf5 h5 59. e5+
Kf7 60. gxh5 Bxh5 61. Nd4 1-0

[Event "Tradewise Gibraltar Chess Festival 2014 "]
[Site "The Caleta Hotel - Gibraltar"]
[Date "2014.02.05"]
[Round "9.32"]
[White "Gordon, Stephen J"]
[Black "Milliet, Sophie"]
[Result "1/2-1/2"]
[WhiteElo "2516"]
[BlackElo "2390"]
[PlyCount "53"]
[EventDate "2014.01.28"]

1. d4 Nf6 2. c4 e6 3. Nc3 Bb4 4. Nf3 c5 5. g3 cxd4 6. Nxd4 O-O 7. Bg2 d5 8.
cxd5 Nxd5 9. Qb3 Nc6 10. Nxc6 bxc6 11. O-O Rb8 12. a3 Nxc3 13. bxc3 Bd6 14. Qa4
Qc7 15. Qxc6 Qxc6 16. Bxc6 Rb3 17. Be3 Rxc3 18. Bf3 a5 19. Bd2 Rxa3 20. Rxa3
Bxa3 21. Bxa5 Bb2 22. Rb1 Bf6 23. Bb4 Rd8 24. Ba5 Rf8 25. Bb4 Rd8 26. Ba5 Rf8
27. Bb4 1/2-1/2

[Event "Tradewise Gibraltar Chess Festival 2014 "]
[Site "The Caleta Hotel - Gibraltar"]
[Date "2014.02.05"]
[Round "9.34"]
[White "Debashis, Das"]
[Black "Salomon, Johan"]
[Result "1-0"]
[WhiteElo "2494"]
[BlackElo "2308"]
[PlyCount "112"]
[EventDate "2014.01.28"]

1. d4 Nf6 2. c4 e6 3. Nc3 Bb4 4. e3 O-O 5. Bd3 c5 6. Nf3 d5 7. O-O dxc4 8. Bxc4
b6 9. Qe2 Bb7 10. Rd1 Qc8 11. a3 Bxc3 12. bxc3 cxd4 13. cxd4 Ba6 14. Bd3 Bxd3
15. Rxd3 Qb7 16. Bb2 Nbd7 17. Re1 Ne4 18. Nd2 f5 19. Nf1 Nef6 20. f3 Nd5 21.
Qd2 b5 22. e4 fxe4 23. fxe4 N5b6 24. Qe2 Rf7 25. Nd2 a6 26. Rh3 Nf8 27. Qh5 Nc4
28. Nxc4 bxc4 29. Bc3 Qe7 30. a4 Rb8 31. Qe2 Qc7 32. Rf3 Rxf3 33. Qxf3 Ng6 34.
g3 Rf8 35. Qe3 Qc6 36. a5 Qb5 37. d5 exd5 38. Qd4 Qd7 39. Qxd5+ Qxd5 40. exd5
Rf3 41. d6 Rd3 42. Bb4 Kf7 43. Re4 c3 44. Rc4 Ne5 45. Rc7+ Ke6 46. Kf1 Ng4 47.
Ke2 Rd2+ 48. Ke1 Ne5 49. Re7+ Kd5 50. Rxe5+ Kc4 51. Bxc3 Rxd6 52. Bd2 Kd3 53.
Be3 Rc6 54. Bb6 Rc2 55. Re3+ Kc4 56. Re2 Rc3 1-0

[Event "Tradewise Gibraltar Chess Festival 2014 "]
[Site "The Caleta Hotel - Gibraltar"]
[Date "2014.02.05"]
[Round "9.35"]
[White "Lombaers, Peter"]
[Black "Henrichs, Thomas"]
[Result "0-1"]
[WhiteElo "2255"]
[BlackElo "2477"]
[PlyCount "98"]
[EventDate "2014.01.28"]

1. c4 g6 2. g3 Bg7 3. Bg2 c5 4. Nc3 Nc6 5. Nf3 b6 6. d4 cxd4 7. Nb5 Bb7 8.
Nfxd4 Qc8 9. O-O a6 10. Nxc6 axb5 11. Nb4 Bxg2 12. Kxg2 bxc4 13. e4 Ra5 14. f3
d6 15. Qc2 Nf6 16. Bd2 O-O 17. Rac1 d5 18. Nxd5 Nxd5 19. exd5 Rxa2 20. Qxc4
Qxc4 21. Rxc4 Rxb2 22. Rf2 Rb5 23. Bb4 Rxd5 24. Bxe7 Re8 25. Ba3 Rb5 26. Rfc2
h5 27. Rc8 Rbe5 28. Bd6 Re2+ 29. Kh3 Bf6 30. R2c7 Kg7 31. Rxe8 Rxe8 32. Rb7 Re6
33. Bb8 Bd4 34. g4 hxg4+ 35. Kxg4 Bc5 36. h4 Re1 37. h5 Rg1+ 38. Kf4 gxh5 39.
Kf5 Bd4 40. Be5+ Bxe5 41. Kxe5 Rg6 42. Rd7 h4 43. Rd2 h3 44. Rh2 Rh6 45. Kf4 b5
46. Kg3 b4 47. Kf2 b3 48. Kg1 Rg6+ 49. Kh1 Re6 0-1

[Event "Tradewise Gibraltar Chess Festival 2014 "]
[Site "The Caleta Hotel - Gibraltar"]
[Date "2014.02.05"]
[Round "9.37"]
[White "Eljanov, Pavel"]
[Black "Roeder, Matthias"]
[Result "1-0"]
[WhiteElo "2733"]
[BlackElo "2423"]
[PlyCount "65"]
[EventDate "2014.01.28"]

1. d4 Nf6 2. c4 g6 3. Nc3 Bg7 4. e4 d6 5. Nf3 O-O 6. Be2 e5 7. O-O Nc6 8. d5
Ne7 9. Qc2 Ne8 10. Rd1 h6 11. b4 f5 12. c5 Rf7 13. Nd2 f4 14. Nc4 Kh7 15. Bb2
Ng8 16. Rac1 h5 17. Kh1 Nh6 18. f3 g5 19. Nb5 Re7 20. Bf1 b6 21. Rd3 Nf7 22.
Ra3 a6 23. Qf2 dxc5 24. bxc5 axb5 25. Rxa8 bxc4 26. Bxc4 bxc5 27. Ba6 Nfd6 28.
Qxc5 Bf6 29. Qc6 g4 30. Ba3 Rg7 31. Bxc8 Nxc8 32. Qe6 Ned6 33. Bxd6 1-0

[Event "Tradewise Gibraltar Chess Festival 2014 "]
[Site "The Caleta Hotel - Gibraltar"]
[Date "2014.02.05"]
[Round "9.38"]
[White "Sutovsky, Emil"]
[Black "Savina, Anastasia"]
[Result "1-0"]
[WhiteElo "2663"]
[BlackElo "2402"]
[PlyCount "87"]
[EventDate "2014.01.28"]

1. e4 c5 2. Nf3 e6 3. Nc3 Nc6 4. d4 cxd4 5. Nxd4 Nf6 6. Ndb5 Bb4 7. a3 Bxc3+ 8.
Nxc3 d5 9. exd5 exd5 10. Bd3 O-O 11. O-O d4 12. Ne2 Bg4 13. Bg5 Qd6 14. f3 Bh5
15. c4 a5 16. Nf4 h6 17. Nxh5 Nxh5 18. f4 Nf6 19. c5 Qd8 20. Bh4 Re8 21. Qb3
Qd5 22. Bc4 a4 23. Bxd5 axb3 24. Bxf6 gxf6 25. Bxb3 Ra5 26. Bc4 Rxc5 27. Rac1
Ra5 28. Rfe1 Rd8 29. Kf2 Kf8 30. Bd3 Rad5 31. Rc4 R5d6 32. g3 Ne7 33. Rc7 R6d7
34. Rec1 Nd5 35. Rxd7 Rxd7 36. Be4 Ne3 37. Ke2 f5 38. Bf3 Rd6 39. Kd3 Ng4 40.
Rc2 b6 41. a4 Ke7 42. b4 Ne3 43. Ra2 Nd5 44. Bxd5 1-0

[Event "Tradewise Gibraltar Chess Festival 2014 "]
[Site "The Caleta Hotel - Gibraltar"]
[Date "2014.02.05"]
[Round "9.39"]
[White "Kochetkova, Julia"]
[Black "Georgiev, Kiril"]
[Result "0-1"]
[WhiteElo "2351"]
[BlackElo "2653"]
[PlyCount "122"]
[EventDate "2014.01.28"]

1. e4 c5 2. Nf3 d6 3. Bb5+ Nc6 4. O-O Bd7 5. Re1 a6 6. Bxc6 Bxc6 7. d4 cxd4 8.
Nxd4 Nf6 9. Nxc6 bxc6 10. c4 Nd7 11. Nc3 g6 12. Qc2 Bg7 13. Na4 c5 14. Bg5 O-O
15. Rad1 Ra7 16. Qc1 Re8 17. Bh6 Bd4 18. Be3 Qa5 19. Qc2 Bg7 20. h4 h5 21. Bd2
Qc7 22. Nc3 e6 23. Bf4 Ne5 24. Ne2 Qe7 25. Bg5 Qf8 26. Rd2 Rb8 27. b3 Nc6 28.
Be3 Bf6 29. Qd3 Rd7 30. Bg5 Qg7 31. Red1 Be5 32. Bf4 Rbd8 33. Qg3 Nd4 34. Qe3
Kh7 35. Nc3 Bxf4 36. Qxf4 e5 37. Qg3 f5 38. Ne2 Rf7 39. Nxd4 cxd4 40. exf5 gxf5
41. Qf3 Qg4 42. Qd5 Rg7 43. Rf1 Qxh4 44. f4 Qf6 45. fxe5 dxe5 46. Rxf5 Qxf5 47.
Qxd8 Qb1+ 48. Kh2 Qe1 49. Rb2 Qg3+ 50. Kh1 d3 51. c5 Rf7 52. Rb1 e4 53. Qd5
Qh4+ 54. Kg1 Qf2+ 55. Kh1 Qf5 56. Qd4 Rd7 57. Qe3 d2 58. Rd1 Rd3 59. Qe2 e3 60.
c6 Rc3 61. c7 Qg4 0-1

[Event "Tradewise Gibraltar Chess Festival 2014 "]
[Site "The Caleta Hotel - Gibraltar"]
[Date "2014.02.05"]
[Round "9.40"]
[White "Wemmers, Xander"]
[Black "Muzychuk, Anna"]
[Result "1/2-1/2"]
[WhiteElo "2348"]
[BlackElo "2566"]
[PlyCount "64"]
[EventDate "2014.01.28"]

1. d4 Nf6 2. c4 e6 3. Nc3 Bb4 4. e3 O-O 5. Bd3 d5 6. cxd5 exd5 7. Nge2 Re8 8.
Bd2 Bf8 9. Rc1 b6 10. O-O c5 11. Nf4 Bb7 12. Qf3 Nc6 13. Nh5 Nxh5 14. Qxh5 g6
15. Qxd5 cxd4 16. exd4 Nb4 17. Qxd8 Rexd8 18. Be4 Bxe4 19. Nxe4 Nxa2 20. Rc7
Rxd4 21. Nf6+ Kg7 22. Be3 Ra4 23. b3 Rb4 24. Nd5 Re4 25. Ra1 Nb4 26. Nxb6 Rd8
27. Rd7 Rxd7 28. Nxd7 Nc2 29. Rxa7 Nxe3 30. fxe3 Rxe3 31. Nxf8 Kxf8 32. Rb7 Kg7
1/2-1/2

[Event "Tradewise Gibraltar Chess Festival 2014 "]
[Site "The Caleta Hotel - Gibraltar"]
[Date "2014.02.05"]
[Round "9.41"]
[White "Bellon Lopez, Juan Manuel"]
[Black "Cmilyte, Viktorija"]
[Result "0-1"]
[WhiteElo "2382"]
[BlackElo "2515"]
[PlyCount "76"]
[EventDate "2014.01.28"]

1. d4 Nf6 2. Nf3 c5 3. d5 b5 4. Bg5 Ne4 5. Nc3 Nxg5 6. Nxg5 b4 7. Nce4 h6 8.
Nf3 d6 9. e3 g6 10. a3 bxa3 11. Rxa3 Bg7 12. Qa1 O-O 13. c3 Bb7 14. Bc4 Nd7 15.
Ned2 Nb6 16. e4 e6 17. Ba6 Bxa6 18. Rxa6 exd5 19. O-O dxe4 20. Nxe4 Re8 21.
Ned2 Qc7 22. Qa5 Re7 23. Ra1 Nc8 24. Nc4 Qxa5 25. R1xa5 Rb8 26. Rc6 Re4 27.
Nfd2 Re8 28. Nf1 Bf8 29. Ra1 d5 30. Nce3 Rd8 31. g3 Kg7 32. h4 h5 33. Kg2 Rxb2
34. g4 hxg4 35. h5 Rb6 36. Rxb6 axb6 37. hxg6 Kxg6 38. Nxg4 Bg7 {
Unable to read remaining moves} 0-1

[Event "Tradewise Gibraltar Chess Festival 2014 "]
[Site "The Caleta Hotel - Gibraltar"]
[Date "2014.02.05"]
[Round "9.42"]
[White "Ben Artzi, Ido"]
[Black "Xu, Jun"]
[Result "0-1"]
[WhiteElo "2344"]
[BlackElo "2510"]
[PlyCount "105"]
[EventDate "2014.01.28"]

1. d4 Nf6 2. c4 e6 3. Nc3 Bb4 4. e3 b6 5. Bd3 Bb7 6. Nf3 Bxc3+ 7. bxc3 d6 8.
O-O Nbd7 9. Nd2 e5 10. f3 O-O 11. Rf2 Qe7 12. e4 c5 13. d5 Rfe8 14. Nf1 Nf8 15.
a4 a5 16. Bg5 h6 17. Be3 Bc8 18. Rb1 Rb8 19. Qc1 Ng6 20. Kh1 Bd7 21. Bc2 Nh5
22. g3 Nf6 23. Qd2 Bh3 24. Bd3 Nh7 25. Qe1 Bd7 26. Qd1 Nf6 27. Bc2 Rf8 28. Qd2
Nh5 29. Qc1 Qe8 30. Qd1 Qe7 31. Qc1 Qe8 32. Qd1 Qe7 33. Bc1 Nf6 34. Ne3 Qd8 35.
Nf5 Bc8 36. Be3 Re8 37. Qd2 Bxf5 38. exf5 Nf8 39. g4 N6h7 40. Rg1 Ng5 41. Rff1
Ngh7 42. Qf2 e4 43. fxe4 Qe7 44. e5 Qxe5 45. Bf4 Qxc3 46. Bxd6 Rbd8 47. Bc7 Rd7
48. Bxb6 Nf6 49. Rd1 Rde7 50. Bd3 Re3 51. Qc2 Qd4 52. Bf1 Qe5 53. Bxc5 {
Unable to read remaining moves} 0-1

[Event "Tradewise Gibraltar Chess Festival 2014 "]
[Site "The Caleta Hotel - Gibraltar"]
[Date "2014.02.05"]
[Round "9.44"]
[White "Abdumalik, Zhansaya"]
[Black "Rahman, Ziaur"]
[Result "1/2-1/2"]
[WhiteElo "2344"]
[BlackElo "2499"]
[PlyCount "152"]
[EventDate "2014.01.28"]

1. e4 g6 2. d4 Bg7 3. Nc3 d6 4. Be3 c6 5. Nf3 Nf6 6. h3 O-O 7. a4 Nbd7 8. a5
Qc7 9. Qd2 Rb8 10. Be2 b5 11. axb6 axb6 12. O-O b5 13. b4 Nb6 14. Rfb1 Bd7 15.
Qc1 Ra8 16. Nd2 Rfb8 17. Bd3 Ne8 18. Nb3 Qc8 19. Qe1 Nc7 20. Na5 Ne6 21. Ne2 d5
22. c3 Qc7 23. f3 Rf8 24. Qg3 Qc8 25. h4 Kh8 26. Rf1 Rg8 27. Qh2 Qf8 28. g4 f6
29. Qg3 Qf7 30. Kg2 Rgc8 31. Rh1 Nc7 32. e5 Nc4 33. Nxc4 dxc4 34. Bc2 Nd5 35.
Bd2 Rxa1 36. Rxa1 f5 37. Rh1 Ra8 38. Bb1 fxg4 39. fxg4 Qe6 40. g5 Qg4 41. Qxg4
Bxg4 42. Nf4 Ra3 43. Kg3 Bf5 44. Nxd5 cxd5 45. Bxf5 gxf5 46. h5 e6 47. Kh4 Ra2
48. Rd1 Kg8 49. Kg3 Bf8 50. Kf3 Ra3 51. Ke2 Ra2 52. Kf3 h6 53. g6 Kg7 54. Be3
Ra3 55. Rc1 Be7 56. Rc2 Bg5 57. Bf2 Ra1 58. Kg2 Kg8 59. Re2 Kf8 60. Rc2 Kg7 61.
Re2 Be7 62. Rc2 Ra3 63. Bg3 Ra4 64. Be1 Bg5 65. Bf2 Ra1 66. Re2 Bf4 67. Rc2 Bc1
68. Bg1 Rb1 69. Bf2 Ra1 70. Bg1 Bg5 71. Bf2 Ra3 72. Bg1 Bh4 73. Bf2 Be7 74. Bg3
Ra1 75. Bf2 Bd8 76. Bg3 Ra3 1/2-1/2

[Event "Tradewise Gibraltar Chess Festival 2014 "]
[Site "The Caleta Hotel - Gibraltar"]
[Date "2014.02.05"]
[Round "9.45"]
[White "Studer, Noel"]
[Black "Pogonina, Natalija"]
[Result "0-1"]
[WhiteElo "2337"]
[BlackElo "2495"]
[PlyCount "80"]
[EventDate "2014.01.28"]

1. e4 e5 2. Nf3 Nc6 3. Bb5 a6 4. Ba4 Nf6 5. O-O b5 6. Bb3 Bb7 7. d3 Be7 8. Nc3
O-O 9. Bd2 d6 10. Nd5 Nxd5 11. Bxd5 Qc8 12. c3 Nd8 13. Bxb7 Qxb7 14. Re1 Ne6
15. d4 exd4 16. cxd4 d5 17. e5 c5 18. Be3 Rac8 19. dxc5 Bxc5 20. Bxc5 Rxc5 21.
Nd4 g6 22. Nb3 Rc7 23. h4 Rd8 24. Qf3 Rc2 25. Rac1 Qc7 26. Qf6 d4 27. Rxc2 Qxc2
28. Rc1 Qxb2 29. Rc6 Re8 30. h5 Qb1+ 31. Kh2 Qe4 32. Rxa6 Qg4 33. hxg6 hxg6 34.
Ra7 Rf8 35. g3 d3 36. Qh4 Qe2 37. Rd7 Qxf2+ 38. Kh3 Qf1+ 39. Kh2 Qe2+ 40. Kh3
Qxe5 0-1

[Event "Tradewise Gibraltar Chess Festival 2014 "]
[Site "The Caleta Hotel - Gibraltar"]
[Date "2014.02.05"]
[Round "9.46"]
[White "Welling, Gerard"]
[Black "Popilski, Gil"]
[Result "1/2-1/2"]
[WhiteElo "2326"]
[BlackElo "2492"]
[PlyCount "88"]
[EventDate "2014.01.28"]

1. d4 Nf6 2. Nf3 g6 3. c3 Bg7 4. Bg5 O-O 5. Nbd2 d6 6. e3 Nbd7 7. Be2 e5 8. O-O
b6 9. dxe5 dxe5 10. Ne4 Qe8 11. Nxf6+ Nxf6 12. Nd2 Bb7 13. Qc2 Qe6 14. Bxf6
Bxf6 15. Bf3 c6 16. a4 a5 17. Rfd1 Ba6 18. Qb3 Qxb3 19. Nxb3 Rad8 20. Rxd8 Rxd8
21. Rd1 Rxd1+ 22. Bxd1 Bd3 23. Nd2 e4 24. Bb3 Bd8 25. Bc4 Bc2 26. Bb3 Bd3 27.
Bc4 Bxc4 28. Nxc4 Bc7 29. Nd2 f5 30. Nb3 Be5 31. Nd4 Bxd4 32. cxd4 Kf7 33. Kf1
Ke6 34. Ke2 Kd5 35. Kd2 b5 36. axb5 cxb5 37. Kc3 Kc6 38. Kb3 Kd6 39. Kc3 g5 40.
h3 h5 41. g3 Kd5 42. Kb3 f4 43. g4 hxg4 44. hxg4 f3 1/2-1/2

[Event "Tradewise Gibraltar Chess Festival 2014 "]
[Site "The Caleta Hotel - Gibraltar"]
[Date "2014.02.05"]
[Round "9.48"]
[White "Gaehwiler, Gabriel"]
[Black "Hambleton, Aman"]
[Result "1-0"]
[WhiteElo "2332"]
[BlackElo "2481"]
[PlyCount "57"]
[EventDate "2014.01.28"]

1. d4 e6 2. Nf3 Nf6 3. c4 b6 4. g3 Bb7 5. Bg2 d5 6. O-O g6 7. Bg5 Bg7 8. cxd5
exd5 9. Nc3 O-O 10. Qb3 Qd6 11. Ne5 c6 12. Bxf6 Bxf6 13. e4 Nd7 14. f4 Rad8 15.
exd5 cxd5 16. Rad1 Bg7 17. Bxd5 Bxd5 18. Qxd5 Qxd5 19. Nxd5 Nb8 20. Ne7+ Kh8
21. d5 Bxe5 22. fxe5 Kg7 23. Rc1 Nd7 24. Rfe1 Rfe8 25. d6 Nc5 26. Re3 a5 27.
Nd5 Nd7 28. Rc7 Re6 29. Nf4 1-0

[Event "Tradewise Gibraltar Chess Festival 2014 "]
[Site "The Caleta Hotel - Gibraltar"]
[Date "2014.02.05"]
[Round "9.49"]
[White "Raznikov, Danny"]
[Black "Hoolt, Sarah"]
[Result "1-0"]
[WhiteElo "2479"]
[BlackElo "2331"]
[PlyCount "75"]
[EventDate "2014.01.28"]

1. d4 Nf6 2. c4 e6 3. Nf3 d5 4. Nc3 dxc4 5. e4 Bb4 6. Bxc4 Nxe4 7. O-O Nxc3 8.
bxc3 Be7 9. Ne5 O-O 10. Qg4 Nd7 11. Bh6 Bf6 12. f4 Kh8 13. Bg5 Qe7 14. Rae1
Nxe5 15. dxe5 Bxg5 16. fxg5 Qc5+ 17. Kh1 b5 18. Bd3 Bb7 19. Qh3 g6 20. Qh6 Rad8
21. Be4 Bxe4 22. Rxe4 Rg8 23. Qh3 Qf8 24. Qe3 c5 25. h3 Rd7 26. Ref4 Kg7 27.
Qe2 a6 28. a4 c4 29. axb5 axb5 30. h4 h6 31. gxh6+ Kxh6 32. h5 Kg7 33. Qg4 Qe8
34. Kg1 Rh8 35. hxg6 fxg6 36. Rf6 Re7 37. Qg5 Rh6 38. Rf8 1-0